000
00444nam a2200157 4500
008
s2001 le ara u
040
_a
LB-BrCRDP
082
1
_a
892.72
_b
B763a
100
1
_a
منى, بولس
245
1
0
_c
منى بولس
250
_a
الأولى
260
_a
جبيل
_b
دار عصام حداد للطباعة النشر
_c
2001
300
_a
190 ص
942
_c
BK
999
_c
9246
_d
9246